00369 2200133 4500245005200000100002200052700001500074650002100089005001900110260007300129041001400202084001000216336000900226 aPetualangan Bena dan MimacC. KrismarianahText aC. Krismariana W. aLyly Young aCerita Bergambar a20240926105845 aJakartabKementrian Pendidikan, Keudayaan, Rset, dan Teknologic2019 aIndonesia a741.5 atext